| 000 | 00644nam a2200229 a 4500 | ||
|---|---|---|---|
| 001 | 3376931 | ||
| 003 | ARRUPE | ||
| 005 | 20131205140526.0 | ||
| 008 | 870429r1977 njua d 000 0 eng | ||
| 010 | _a 87401126 | ||
| 020 | _a0882702351 (pbk.) | ||
| 040 |
_aDLC _cDLC _dDLC |
||
| 050 | 0 | 0 |
_aREF BS440 _b.I58 1977 |
| 082 | 0 | 0 |
_a220.3 _219 |
| 245 | 0 | 0 | _aInternational Bible dictionary. |
| 260 |
_aPlainfield, N.J. : _bLogos International, _cc1977. |
||
| 300 |
_a534 p. : _bill. ; _c23 cm. |
||
| 500 | _aReprint. | ||
| 630 | 0 | 0 |
_aBible _xDictionaries. _95219 |
| 906 |
_a7 _bcbc _corignew _d2 _encip _f19 _gy-gencatlg |
||
| 942 |
_2lcc _cMONOGRAPH |
||
| 999 |
_c119106 _d119106 |
||